| Tag |
First Indicator |
Second Indicator |
Subfields |
| LEADER |
00000cam a2200000 4500 |
| 001 |
in00000454321 |
| 005 |
20151012092527.0 |
| 008 |
700821s1968 ii b 00100 eng |
| 010 |
|
|
|a 72912765
|
| 035 |
|
|
|a (OCoLC)00090359
|
| 035 |
|
|
|9 ABY7219AM
|
| 037 |
|
|
|c 20.00
|c ($6.00)
|
| 040 |
|
|
|a DLC
|c DLC
|d TXA
|d UtOrBLW
|
| 049 |
|
|
|a TXAM
|c [856186]
|
| 050 |
0 |
0 |
|a HJ192
|b .T7 1968
|
| 100 |
1 |
|
|a Tripathy, Ram Niranjan.
|
| 245 |
1 |
0 |
|a Public finance in under-developed countries.
|
| 250 |
|
|
|a [2d rev. ed.].
|
| 264 |
|
1 |
|a Calcutta :
|b World Press,
|c 1968.
|
| 300 |
|
|
|a xiii, 419 pages ;
|c 22 cm.
|
| 336 |
|
|
|a text
|b txt
|2 rdacontent
|
| 337 |
|
|
|a unmediated
|b n
|2 rdamedia
|
| 338 |
|
|
|a volume
|b nc
|2 rdacarrier
|
| 504 |
|
|
|a Bibliography: pages 403-411.
|
| 651 |
|
0 |
|a Developing countries
|x Finance, Public.
|
| 999 |
|
|
|a MARS
|
| 999 |
f |
f |
|s 7bfde6fd-e32f-3aed-b928-4a87f28fd810
|i ab0c9945-8b80-315e-b9b5-c10d7cc4d729
|t 0
|
| 952 |
f |
f |
|p ric
|a Texas A&M University
|b Rellis Campus
|c Joint Library Facility
|d Remote Storage
|t 0
|e HJ192 .T7 1968
|h Library of Congress classification
|i unmediated -- volume
|m A14802892311
|
| 998 |
f |
f |
|a HJ192 .T7 1968
|t 0
|l Remote Storage
|